000 00943nam a2200265Ia 4500
003 OSt
005 20220923211528.0
006 a|||||r|||| 00| 0
007 ta
008 220922b |||||||| |||| 00| 0 hin d
020 _a9789381467985 (hbk)
_c350
024 _a272,514
037 _bIN-01742, 05/08/2013, Kitab Ghar Prakashan
_cTextual
040 _aARTS
_cARTS
_bhin
041 _2hin
_ahin
082 _aO168,3N12w, 152Q2
100 _aनरेन्द्र मोहन
245 0 _aमंटो जिंदा हैं
246 _ahinṭo jiandā haian
260 _aनई दिल्ली
_b किताबघर प्रकाशन
_c2012
300 _a216पृ.
_ccm.
650 _aहिन्दी साहित्य
_9156264
942 _hO168,3N12w, 152Q2
_cTEXL
_2CC
999 _c300464
_d300464